000 00424nam a22001577a 4500
005 20251108170711.0
008 250721s1965 xx 000 0 eng d
082 1 4 _a821.91/DRU
100 1 _aDruce, Robert
245 1 4 _aThe eye of innocence :
_bChildren and their poetry /
264 1 _aLeicester :
_bBrockhampton press /في,
_c1965.
300 _a123p
650 1 7 _aEnglish poetry
942 _2ddc
_cBK
999 _c46940
_d46940